| 000 | 00877nam a2200241 i 4500 | ||
|---|---|---|---|
| 001 | 87673 | ||
| 003 | ES-MaACL | ||
| 005 | 20250815082417.0 | ||
| 007 | t| | ||
| 008 | 041223s1964 sp ||||1| spa d | ||
| 100 | 1 |
_aKristensen, Thorkil. _968860 |
|
| 245 | 1 | 0 |
_aEquilibrio económico mundial / _cThorkil Kristensen y colaboradores ; traducción del inglés por Antonio Gobernado. |
| 260 |
_a[Madrid] : _bAguilar, _c1964. |
||
| 300 |
_aXVI, 349 p. ; _c22 cm. |
||
| 490 | 1 | _aBiblioteca de ciencias sociales. Economía | |
| 594 | _aPrecede al tít.: The Foreing Policy Society. | ||
| 650 | 4 |
_aEconomía mundial- _y1945-1989. _9152137 |
|
| 700 | 1 |
_aGobernado, Antonio. _957487 |
|
| 710 | 2 |
_aThe Foreing Policy Society. _96951 |
|
| 830 | 1 | 0 |
_aBiblioteca de ciencias sociales (Aguilar). _pEconomía _9181705 |
| 852 |
_aES-MaACL _jC-25995 |
||
| 999 |
_c87673 _d87673 |
||